|
|
|
|
| LEADER |
00869nam a2200205 a 4500 |
| 001 |
ocm57140373 |
| 008 |
091221s2001 ii a 001 0 eng d |
| 020 |
|
|
|a 8123907575
|
| 082 |
0 |
0 |
|a 307.1/212/0954
|2 21
|
| 040 |
|
|
|a HUA
|c HUA
|d BD-DhAAL
|
| 100 |
1 |
|
|a Pratap Rao, M.,
|d 1955-
|
| 245 |
1 |
0 |
|a Urban planning :
|b theory & practice /
|c M. Pratap Rao.
|
| 260 |
|
|
|a New Delhi :
|b CBS Publishers & Distributors,
|c 2001.
|
| 300 |
|
|
|a xi, 211 p. :
|b ill. ;
|c 22 cm.
|
| 504 |
|
|
|a Includes bibliographical references and index.
|
| 541 |
1 |
|
|e 00013653
|
| 650 |
|
0 |
|a City planning
|z India.
|
| 852 |
4 |
|
|a Ayesha Abed Library
|j General Shelf.
|
| 999 |
|
|
|c 6332
|d 6332
|
| 952 |
|
|
|0 0
|1 0
|2 ddc
|4 0
|6 307_121209540000000_PRA
|7 0
|9 6382
|a BRACUL
|b BRACUL
|c GEN
|d 2009-12-23
|g 0.00
|l 2
|m 30
|o 307.12120954 PRA
|p 3010013653
|r 2018-08-27
|s 2018-01-30
|t 1
|v 0.00
|w 2009-12-23
|y BK
|x No price found in the accession register.
|